LEADER 00984nam--2200337---450- 001 990001521520203316 005 20040322114532.0 035 $a000152152 035 $aUSA01000152152 035 $a(ALEPH)000152152USA01 035 $a000152152 100 $a20040322d1958----km-y0itay0103----ba 102 $aspa 105 $a||||||||001yy 200 1 $aSP$eGustavo Adolfo Becquer$fvida y poesia$gJ.P. Diaz 210 $aMadrid$cGredos$d1958 215 $a374 p.$d21 cm 225 2 $aBiblioteca romanica hispanica$iEstudios y ensayos$v39 410 0$12001$aBiblioteca romanica hispanica$iEstudios y ensayos$v39 454 1$12001 461 1$1001-------$12001 700 1$bDIAZ,$cJosé Pedro$00 801 0$aIT$bsalbc$gISBD 912 $a990001521520203316 951 $aII sp C 1/39$b2235 L.M.$cII sp 959 $aBK 969 $aUMA 979 $aSIAV1$b10$c20040322$lUSA01$h1145 979 $aPATRY$b90$c20040406$lUSA01$h1746 996 $aSP$9939531 997 $aUNISA LEADER 01789nam0-2200481---450- 001 990000409440203316 005 20050923100725.0 010 $a88-7988-460-3 020 $aIT$b95-7775 035 $a0040944 035 $aUSA010040944 035 $a(ALEPH)000040944USA01 035 $a0040944 100 $a20010420d1994----y0itay0103 ba 101 $aeng$afre$alat 102 $aIT 105 $a00||| 200 1 $aModern questions about medieval sermons$eessays on marriage, death, history and sanctity$fby Nicole Bériou and David L. D'Avray$gwith P. Cole, J. Riley-Smith, M. Tausche 210 $aSpoleto$cCentro italiano di studi sull'alto Medioevo$d1994 215 $aXI, 408 p.$d24 cm 225 2 $aBiblioteca di Medioevo latino$v11 410 0$12001$aBiblioteca di Medioevo latino$v11$171202$aSocietà internazionale per lo studio del Medioevo latino 606 $aPredicazione$zSec. 13. 606 $aSermoni$zSec. 13. 676 $a251.009022 700 1$aBERIOU,$bNicole$0416176 701 1$aD'AVRAY,$bDavid L.$0152601 801 0$aIT$bBNI$c19951121$gRICA 912 $a990000409440203316 951 $aII.2. 3663b (XI B COLL. 82/11 a)$b157503 L.M.$cXI B COLL.$d00073006 951 $aII.2. 3663 (XI B COLL. 82/11)$b124405 LM$cXI B COLL. 951 $aII.2. 3663a (XI B COLL. 82/11 bis)$b125418 LM$cXI B COLL. 959 $aBK 969 $aUMA 979 $aCHIARA$b40$c20010420$lUSA01$h1238 979 $aCHIARA$b40$c20010420$lUSA01$h1239 979 $aPATTY$b90$c20010516$lUSA01$h1729 979 $aPATTY$b90$c20010516$lUSA01$h1732 979 $c20020403$lUSA01$h1649 979 $aPATRY$b90$c20040406$lUSA01$h1628 979 $aCOPAT4$b90$c20050923$lUSA01$h1007 996 $aModern questions about medieval sermons$979833 997 $aUNISA LEADER 00862nam a2200241 i 4500 001 991000031789707536 005 20020506120858.0 008 010315s1928 it ||| | ita 035 $ab1064071x-39ule_inst 035 $aEXGIL137892$9ExL 040 $aBiblioteca Interfacoltà$bita 082 0 $a850.9 100 1 $aTorraca, Francesco$039461 245 10$aScritti vari /$cFrancesco Torraca ; raccolti a cura dei discepoli 260 $aMilano :$bSocietà editrice Dante Alighieri,$c1928 300 $aXI, 523 p. ;$c23 cm. 907 $a.b1064071x$b02-04-14$c28-06-02 912 $a991000031789707536 945 $aLE002 850.9 TOR 1928 945 $aLE002 It. I C 11$g1$i2002000352330$lle002$o-$pE0.00$q-$rn$so $t0$u0$v0$w0$x0$y.i10729902$z28-06-02 996 $aScritti vari$990649 997 $aUNISALENTO 998 $ale002$b01-01-01$cm$da $e-$fita$git $h0$i1